Conocimientos, adherencia farmacológica y no farmacológica en pacientes hipertensos que asisten a una Entidad Social de Salud (E.S.E) 2022-2 (Registro nro. 627)

Detalles MARC
000 -LEADER
fixed length control field 02175nmm a2200301 a 4500
003 - CONTROL NUMBER IDENTIFIER
control field CO-CtgCURN
005 - DATE AND TIME OF LATEST TRANSACTION
control field 20250721154345.0
008 - FIXED-LENGTH DATA ELEMENTS--GENERAL INFORMATION
fixed length control field 230420s2022 xx f 000 0 und d
040 ## - CATALOGING SOURCE
Original cataloging agency CO-CtgCURN
Language of cataloging spa
Transcribing agency coctgcurn
082 ## - DEWEY DECIMAL CLASSIFICATION NUMBER
Classification number ENF 2022
Item number B562c
100 ## - MAIN ENTRY--PERSONAL NAME
Personal name Betancourt De La Hoz, Sharoll
Relator term autora
9 (RLIN) 7068
245 #0 - TITLE STATEMENT
Title Conocimientos, adherencia farmacológica y no farmacológica en pacientes hipertensos que asisten a una Entidad Social de Salud (E.S.E) 2022-2
Medium [electronic resource] /
Statement of responsibility, etc. Sharoll Betancourt De La Hoz; Andrea Camargo Narváez; Shaleima Hernández Prieto; María José Orellano Ballestas; tutor., Jorge Andrés Martínez Merlo
260 ## - PUBLICATION, DISTRIBUTION, ETC.
Place of publication, distribution, etc. Barranquilla, Atlántico :
Name of publisher, distributor, etc. Corporación Universitaria Rafael Núñez,
Date of publication, distribution, etc. 2022
300 ## - PHYSICAL DESCRIPTION
Extent 1 recurso en línea (74 páginas (PDF)) :
Other physical details tablas, imágenes
502 ## - DISSERTATION NOTE
Dissertation note Trabajo de Grado (Enfermera). Corporación Universitaria Rafael Núñez. Facultad de Ciencias de la Salud. Programa de Enfermería, 2022
504 ## - BIBLIOGRAPHY, ETC. NOTE
Bibliography, etc. note Incluye referencias bibliográficas
520 ## - SUMMARY, ETC.
Summary, etc. La HTA de larga duración puede dañar el corazón y los vasos sanguíneos, para evitar complicaciones a largo plazo, lo ideal es controlar la presión arterial. factores personales que influyen en una poca adherencia al tratamiento dan a largo plazo bajos resultados en salud, en tanto que la adherencia terapéutica aumenta la seguridad de los pacientes, ya que la mayor parte de la atención necesaria para los procesos crónicos se basa en el autocuidado del paciente.
521 ## - TARGET AUDIENCE NOTE
Target audience note AREA PROFESIONAL
590 ## - LOCAL NOTE (RLIN)
Local note Programa de Enfermería_27
650 ## - SUBJECT ADDED ENTRY--TOPICAL TERM
Topical term or geographic name entry element Enfermería
Form subdivision Tesis y disertaciones académicas
9 (RLIN) 7069
700 ## - ADDED ENTRY--PERSONAL NAME
Personal name Camargo Narváez, Andrea
Relator term autor
9 (RLIN) 7070
700 ## - ADDED ENTRY--PERSONAL NAME
Personal name Hernández Prieto, Shaleima
Relator term autora
9 (RLIN) 7071
700 ## - ADDED ENTRY--PERSONAL NAME
Personal name Martínez Merlo, Jorge Andrés
Relator term tutor
9 (RLIN) 7072
700 ## - ADDED ENTRY--PERSONAL NAME
Personal name Orellano Ballestas, María José
Relator term autora
9 (RLIN) 7073
856 ## - ELECTRONIC LOCATION AND ACCESS
Uniform Resource Identifier <a href="https://unicurn.sharepoint.com/:b:/s/biblioteca/EWzd754fwEFHuAUzm_bkJyYBd_iE-qOSjtjEGb1ri7CgVg?e=IhZYvf">https://unicurn.sharepoint.com/:b:/s/biblioteca/EWzd754fwEFHuAUzm_bkJyYBd_iE-qOSjtjEGb1ri7CgVg?e=IhZYvf</a>
Link text Consulte aquí el texto completo
942 ## - ADDED ENTRY ELEMENTS (KOHA)
Koha item type Trabajos de grado
Classification part ENF 2022
Item part B562c
Source of classification or shelving scheme Dewey Decimal Classification
Suppress in OPAC No
Existencias
Withdrawn status Lost status Source of classification or shelving scheme Damaged status Not for loan Collection Home library Current library Shelving location Date acquired Inventory number Total checkouts Full call number Barcode Date last seen Copy number Price effective from Koha item type
    Dewey Decimal Classification     Trabajos de grado Miguel Henríquez Castañeda Barranquilla Miguel Henríquez Castañeda Barranquilla Trabajo de grado 12/05/2022 05246   ENF 2022 B562c 05246 04/20/2023 ej.1 04/20/2023 Trabajos de grado